000 00510nam a2200145 a 4500
001 000038153
005 20260429123223.0
008 130319s2012 dr d 000 0 spa d
040 _aDO-SdBNP
_bspa
_cBNPHU
245 1 0 _a4to. informe de la observación electoral :
_belecciones presidenciales 2012 /.
246 1 3 _aCuarto informe de la observación electoral
260 _aSanto Domingo :
_bParticipación Ciudadana,
_c2012.
300 _a24 p. :
_bil., gráf. ;
_c22 cm.
650 2 0 _aParticipación política
_9456
999 _c37643
_d37643